| 000 | 01189nem0a2200313 4500 | ||
|---|---|---|---|
| 001 | RU\NLR\BIBL_A\022055428 | ||
| 005 | 20250625103217.0 | ||
| 010 |
_a978-5-17-154937-4 _97 000 |
||
| 035 | _a(NLR Aleph) 022055428 | ||
| 090 |
_a12610448 _c12610448 |
||
| 100 | _a20231012d2023 |||y0rusy50 ca | ||
| 101 | 0 | _arus | |
| 102 | _aRU | ||
| 120 | _abyy xx|| | ||
| 123 | 1 |
_aa _b37500000 |
|
| 200 | 1 |
_aФизическая карта мира _bКарты |
|
| 206 | _a1:37 500 000, 375 км в 1 см | ||
| 210 |
_aМосква _cАСТ _d2023 |
||
| 215 |
_a1к. _cцв., текст _d99х68 см, слож. 25х11 см |
||
| 300 | _aНа обороте л. : Политическая карта мира.- 1:37 500 000 | ||
| 309 | _aДвусторон. печать | ||
| 327 | 1 | _aДоп. карты: Землетрясения.- 1:80000000; Антарктида.- 1:50 000 000 | |
| 509 | 0 | 1 |
_7ca _aМир _92633185 _3RU\NLR\auth_crt\551 |
| 607 |
_aРоссия _jКарты _91287576 _3RU\NLR\AUTH\66531811 |
||
| 608 |
_aФизические карты _91411568 _3RU\NLR\AUTH\66283160 |
||
| 852 |
_aNLR _bК _j4-Мир 4/5133 _m23-134 _t23-134а |
||
| 942 | _cMAP | ||
| 980 | _aNB | ||